| 000 | 00531 a2200205 4500 | ||
|---|---|---|---|
| 005 | 20260401115044.0 | ||
| 008 | 260325b |||||||| |||| 00| 0 eng d | ||
| 020 |
_a9789350027929 _cRs. 675.00 |
||
| 040 | _aMAIN | ||
| 082 |
_a320.532 _bC839C |
||
| 100 | _aCowling, Mark, ed. | ||
| 245 | _aCommunist manifesto: New Interpretations | ||
| 260 |
_bAakar Books _aDelhi _c2023 |
||
| 300 | _axiv, 209 | ||
| 650 | _aPolitical Science | ||
| 650 | _aPolitical Ideologies | ||
| 650 | _aSocialism | ||
| 650 | _aMarxism | ||
| 942 | _cBK | ||
| 999 |
_c394689 _d394689 |
||